000 01155nam a2200325 i 4500
001 23329
003 KOSZ 005
005 20200811144008.0
008 981103s1986 pl a f |000 0 pol
015 _aPB 1986/8154
040 _aWA N
_cWA N
_dKOSZ 005/HR
041 0 _apol
_beng
_brus
046 _k1986
080 _a628.8
100 1 _aSzczechowiak, Edward
_eAutor
245 1 0 _aNieustalona wymiana ciepła i adsorptywu w wymiennikach z wypełnieniem stosowanych w klimatyzacji /
_cEdward Szczechowiak.
260 _aPoznań :
_bWydaw. PP,
_c1986.
300 _a121 s. :
_brys., wykr. ;
_c24 cm.
490 1 _aRozprawy / Politechnika Poznańska,
_x0551-6528 ;
_vnr 177.
504 _aBibliogr. s. 102-106, 112, 119-120.
546 _aStrescz. ros., ang.
650 4 _aKlimatyzacja
650 4 _aUrządzenia
650 4 _aWymiennik ciepła
650 4 _aBudowa i konstrukcje
658 _aInżynieria i technika
830 0 _aRozprawy - Politechnika Poznańska
_vnr 177
856 _uhttp://koha.tu.koszalin.pl/cgi-bin/koha/opac-detail.pl?biblionumber=23329
_yKatalog online BPK
942 _2UKD
_cKS
999 _c23329
_d23329